Biblioteca

Últimas tardes con Teresa (Registro nro. 67975)

Detalles MARC
000 -LÍDER
Campo fijo de descripción fija 01296nam a2200193 i 4500
001 - NÚMERO DE CONTROL
Campo de control 768714001
003 - IDENTIFICADOR DEL NÚMERO DE CONTROL
Campo de control CO-MdFUSB
005 - FECHA Y HORA DE LA ULTIMA TRANSACCIÓN
control field 20220715173123.0
008 - ELEMENTOS DE LONGITUD FIJA -- INFORMACIÓN GENERAL
Campo fijo de descripción fija -- Información general 220715t1984 ck |||| |||| 00| 0 spa d
040 ## - FUENTE DE CATALOGACIÓN
Idioma de catalogación spa
Agencia que realiza la transcripción CO-MdFUSB
Agencia que realiza la modificación CO-MdFUSB
041 ## - CÓDIGO DE IDIOMA
Código de idioma para texto/pista de sonido o título separado spa
100 ## - ASIENTO PRINCIPAL--NOMBRE PERSONAL
Nombre personal Marsé, Juan,
Término relacionador autor
245 ## - TÍTULO
Título Últimas tardes con Teresa
Mención de responsabilidad / Juan Marsé
300 ## - DESCRIPCIÓN FÍSICA
Extensión Volumen 6, (1984) páginas 435 - 684 ;
Dimensiones 22 cm
520 ## - NOTA DE RESUMEN, ETC.
Nota de sumario, etc. Marca el nacimiento del Pijoaparte, uno de los personajes más fuertes, originales y sugestivos de toda la literatura de esa época, y que parece el doble canalla del propio Marsé. La identificación autor/personaje funciona con una precisión y eficacia demoledoras, y lo que empieza siendo la historia amorosa de una niña bien, rebelde e ingenua (Teresa) y un charnego barriobajero, desarraigado y ladrón de motos (el Pijoaparte), termina como una formidable sátira y encarnación del tiempo en que transcurre esa breve, intensa y, lógicamente, calamitosa relación pasional. Hito de la literatura española contemporánea, esta obra consolidó internacionalmente el nombre de su autor.
650 #7 - ASIENTO SECUNDARIO DE MATERIA - TERMINO TEMÁTICO
9 (RLIN) 7089
Término temático o nombre geográfico como elemento de entrada Literatura española
773 0# - ASIENTO DE ITEM FUENTE
Biblionumber 67924
Itemnumber 81145
Asiento principal Oveja Negra,
Otro identificador del ítem 24695
Título Maestros de la literatura universal
Número de control del registro (CO-MdFUSB)768714001
International Standard Book Number 8482806718
942 ## - TIPO DE MATERIAL (KOHA)
Tipo de Item KOHA Libros General

No hay ítems disponibles.

Biblioteca FUSBC | Teléfono: (57+4) 349 88 10 Ext. 141| WhatsApp (+57) 3005338115 
E-mail: biblioteca@unisbc.edu.co | Calle 76 87-14 Robledo Palenque, Medellín, Colombia

Con tecnología Koha